000 01085nam a22003137a 4500
003 CHAP
005 20220329140021.0
008 971013s1981 r 00010 d
010 _a45615
011 _a46587
035 _a50728
040 _cCHAP
090 _aTesis
100 0 0 _aReina Midence, Federico Eduardo.
_995768
245 _aEstudio agrológico detallado del Centro de Investigaciónes Agropecuarias del ITESM
260 _aMonterrey, N. L. :
_bEl autor,
_c1981
300 _a80 h.
_b: ilus. ; gráfs.
502 _aTesis (Ing. Agr. en Producción Agropecuaria) -- ITESM. División de Ciencias Agropecuarias y Marítimas
590 _aALEPH
_b10
_c20130110
_lUCH01
_h1315
590 _aBATCH-UPD
_b10
_c20130110
_lUCH01
_h2022
590 _aBATCH-UPD
_b10
_c20130410
_lUCH01
_h1340
590 _aBATCH-UPD
_b10
_c20130914
_lUCH01
_h2037
590 _aCONVERSION
_b10
_c20130109
_lUCH01
_h1325
650 1 4 _aSuelos
_xClasificación.
_9110239
650 1 4 _aSuelos
_xNuevo León.
_9110453
901 _aBK
942 _cTESIS
949 _bBC
_cTES
_d-113900
_eTS1
_h18402
_i50728
_si
999 _c45615
_d45615